Collins dictionary and thesaurus. (Record no. 112327)
[ view plain ]
| 000 -LEADER | |
|---|---|
| fixed length control field | 00388nam a2200133 a 4500 |
| 005 - DATE AND TIME OF LATEST TRANSACTION | |
| control field | 20140414131933.0 |
| 008 - FIXED-LENGTH DATA ELEMENTS--GENERAL INFORMATION | |
| fixed length control field | 110111s19uu xx 00 eng d |
| 050 ## - LIBRARY OF CONGRESS CALL NUMBER | |
| Classification number | REF 423 |
| Item number | C69 2005 |
| 245 ## - TITLE STATEMENT | |
| Title | Collins dictionary and thesaurus. |
| 250 ## - EDITION STATEMENT | |
| Edition statement | International edition |
| 650 ## - SUBJECT ADDED ENTRY--TOPICAL TERM | |
| Topical term or geographic name as entry element | English language |
| General subdivision | Dictionaries. |
| 650 ## - SUBJECT ADDED ENTRY--TOPICAL TERM | |
| Topical term or geographic name as entry element | English language |
| General subdivision | Synonyms and antonyms. |
| Withdrawn status | Lost status | Damaged status | Home library | Current library | Shelving location | Date acquired | Total Checkouts | Full call number | Barcode | Date last seen | Price effective from | Koha item type |
|---|---|---|---|---|---|---|---|---|---|---|---|---|
| Munich Library | Munich Library | Reference Section | 01/11/2011 | REF 423 C69 2005 | M3588 | 04/14/2014 | 04/14/2014 | Books |